000 00608nam a22001937a 4500
999 _c170014
_d170014
005 20191210114812.0
010 _aA-338962
020 _c150.00
_a-
035 _aA-338962
037 _bBPPD
082 _a230.1
100 _aتلسی د ا س
245 _aتلسی ر ا ما ين سچتر
_cتلسی د ا س
246 _aTulsi Ramayan Sachitr(Ram Charitr Manas ) (Urdu)
_bby Tulsi Dass
260 _aDelhi
_c1988 ء
_bDehati Pustak Bhandar
270 _aChowkBadshah Bola Chawri bazar,
_bDelhi
_k-
_e110006
300 _a835 ص
_c22 cm(hb)
942 _2ddc
_cUR
_h230.1
_mت ل س